| 000 | 007330000a22002290004500 | ||
|---|---|---|---|
| 001 | 50721 | ||
| 010 | _a972-0-70550-7 | ||
| 100 | _a20030225d2003 k y0pory5003 ba | ||
| 101 | 0 | _apor | |
| 102 | _aPT | ||
| 200 | 1 |
_aOs meus contos de Natal _fÉvelyne Lallemand _gtrad. Maria Graciete Teixeira |
|
| 210 |
_aPorto _cPorto Editora _d1992 |
||
| 215 |
_a19 p _cil. |
||
| 225 | 2 | _aViva o Natal | |
| 606 |
_92112 _aLiteratura infanto-juvenil _xConto de Natal |
||
| 675 |
_a821.133.1-34 _vBN _zpor |
||
| 675 |
_a087.5-053.5 _vBN _zpor |
||
| 700 | 1 |
_926730 _aLallemand _bÉvelyne |
|
| 702 | 1 |
_945052 _4730 _aTeixeira _bMaria Graciete _f1954- |
|
| 090 | _a50721 | ||
| 942 |
_cMON _n0 |
||
| 999 | _a50721 | ||